[Geometry Dash] Top 100 most downloaded levels - Statistics

General Stats
  • This quiz has been taken 77 times
    32 since last reset
  • The average score is 27 of 100
Answer Stats
rank Creator difficulty rating Level % Correct
5 Riot Extreme Demon 10* Bloodbath
93%
4 DiMaViKuLov26 Easy 2* ReTraY
83%
2 Jax Easy demon 10* The Nightmare
79%
1 Nicki1202 Hard 5* Outerspace
72%
3 JerkRat Easy 2* Sonar
72%
14 Zobros Hard Demon 10* Nine Circles
66%
40 Knobbelboy Extreme Demon 10* Bloodlust
62%
20 Ggb0y Extreme Demon 10* Cataclysm
59%
11 timeless real Easy demon 10* The lightning road
55%
6 Cody Normal 3* Level easy
52%
25 Jerry4 Easy demon 10* Platinum Adventure
52%
30 Caustic Easy demon 10* Death Moon
48%
22 TriAxis Easy demon 10* X
48%
59 TrusTa Extreme Demon 10* Yatagarasu
48%
7 Roli GD Easy 2* Dark Paradise
45%
18 dorabae Normal 3* dorabaebasic4
45%
51 LSunix Extreme Demon 10* Sonic Wave
45%
15 Jax Auto 1* auto play area
41%
54 dorabae Hard 4* dorabaebasic5
41%
26 Danolex Harder 6* Shock
38%
19 ZenthicAlpha Easy demon 10* Speed Racer
38%
37 ZenthicAlpha Insane Demon 10* Supersonic
38%
24 IIINePtunEIII Easy demon 10* Xstep v2
38%
8 ArturoChavez Hard 4* Acid Factory
34%
10 Berkoo Hard 5* Amplification
34%
82 Rek3dge Easy demon 10* DeCode
34%
31 alkali Insane 8* Dinosaur
34%
33 TriAxis Insane 8* Unity
34%
42 TheRealDarnoc Easy demon 10* yStep
34%
16 SirHadoken Normal 3* Chambers
31%
9 Scanbrux Hard 4* Dreamland
31%
41 Stamina Harder 6* First Race
31%
36 rafer Harder 7* SLAM
31%
27 haoN Easy demon 10* Extinction
28%
29 TrueNature Easy demon 10* Laser Room
28%
53 Fault Hard 5* Overture
28%
12 Adiale Easy 2* Promises
28%
21 Serponge Normal 3* Spooky Light
28%
99 Noobas Medium demon 10* Theory of SkriLLex
28%
84 Rob Buck Easy demon 10* Buck Force
24%
83 M2coL Easy demon 10* Demon Park
24%
86 1XxDrawinGxX1 Harder 7* fernanfloo
24%
73 God Of Music Harder 6* Frontline Full
24%
28 SUOMI Normal 3* Infernal Arena
24%
79 Glittershroom Harder 6* Kappaclysm
24%
96 RadiationV2 Harder 6* Magmatic Sanctuary
24%
88 BranSilver Harder 6* Schade
24%
78 ChaSe Easy demon 10* Sidestep
24%
62 IIINePtunEIII Normal 3* Stereo Madness v2
24%
45 MasK463 Easy demon 10* Crescendo
21%
13 PMK Normal 3* End Of Line
21%
70 TheRealDarnoc Insane 9* flappy bird
21%
17 Creator Cloud Hard 4* flappy hexagon
21%
34 DesTicy Insane 8* Ghoul
21%
77 Izhar Normal 3* LETs GO
21%
65 Izhar Normal 3* LETs RUN
21%
66 G4lvatron Hard 5* Lustre
21%
85 IIINePtuneIII Easy demon 10* Theory of every v2
21%
71 Adiale Hard 5* Anubis
17%
64 TriAxis Easy demon 10* Dear Nostalgists
17%
57 1XxDrawinGxX1 -not rated- fernanfloo 2
17%
58 1XxDrawinGxX1 -not rated- fernanfloo 3
17%
50 Darwin Hard 5* Mind Control
17%
93 Dhafin Easy demon 10* Problematic
17%
87 Skitten Harder 6* Aquarius
14%
23 ZenthicAlpha Normal 3* Back on Track RM
14%
69 xtobe5 Normal 3* ColorZ
14%
46 MrCheeseTigrr Hard 4* Easy
14%
56 Glittershroom Normal 3* Glitter Madness 2k15
14%
49 Danolex Normal 3* Highscore
14%
74 DzRAS Hard 5* ichor
14%
80 Spu7Nix Easy 2* Ocean Of Dreams
14%
38 TheRealSalad Hard 5* Phantom
14%
48 Mixroid Hard 4* Polargeist v01
14%
75 AceVict Harder 6* Secrets
14%
92 TheRealDarnoc -not rated- Wave Challenge
14%
39 ZenthicAlpha Hard 4* Dry Out RM
10%
95 - Harder 6* Flappy Ufo
10%
55 Mitchell Hard 4* Hexagon HyperDrive
10%
68 - Hard 4* High hill
10%
60 Dverry Easy 2* lucid dream
10%
76 Creator Cloud Hard 4* simple cloud
10%
52 Rabbitical Auto 1* Space Travel
10%
98 SEM 1 Easy 2* SUNSET
10%
63 x8Px Easy 2* ThE WorLd
10%
35 Berkoo Normal 3* through time
10%
32 ZelLink Normal 3* UFO Madness
10%
97 KFAOpitar Easy 2* Warmth
10%
47 Taman Normal 3* Adrift
7%
43 aArbolito Hard 4* Almighty
7%
90 - Easy 2* DARKNESS
7%
44 FlappySheepy Normal 3* endless
7%
81 Jeyzor Hard 4* GoldenClub
7%
100 F3lixsram Hard 5* Inscius
7%
89 Vermillion Normal 3* Mystery Dungeon
7%
94 KFAOpitar Normal 3* Remake Level 2
7%
67 - Hard 4* square adventure
7%
91 - Hard 4* Stereo Madness X
7%
72 ZelLink Hard 4* UFOgeist
7%
61 ZelLink Hard 4* UFO on Track
7%
No matching quizzes found
Score Distribution
Percent of People with Each Score
Percentile by Number Answered
Your Score History
You have not taken this quiz since the last reset